Normal view MARC view
  • PSICOLOGIA EDUCATIVA -

Entry Materia

Number of records used in: 7

001 - NÚMERO DE CONTROL DEL REGISTRO

  • campo de control: 20846

003 - IDENTIFICADOR DE NUMERO DE CONTROL

  • campo de control: UPN

005 - FECHA Y HORA DE LA ÚLTIMA TRANSACCIÓN

  • campo de control: 20240207103959.0

008 - DATOS DE LONGITUD FIJA

  • campo de control de longitud fija: 240207na|acznnaabn n ann |d

035 ## - NÚMERO DE CONTROL DEL SISTEMA

  • Número de control del sistema: UPN10000020855

040 ## - FUENTE DE LA CATALOGACIÓN

  • Lengua de catalogación: SPA
  • Agencia de transcripción: MX-MxUPN
  • Centro catalogador de origen: MX-MxUPN

150 ## - ENCABEZAMIENTO - TEMÁTICO

  • Término de materia o nombre geográfico como elemento inicial: PSICOLOGIA EDUCATIVA -
  • Subdivisión de materia general: ESTUDIO Y ENSEÑANZA

670 ## - FUENTE EN LA QUE SE LOCALIZARON DATOS

  • Cita de la fuente: Educational psychology--Study and teaching

902 ## - CATALOGADOR

  • Catalogador: EMR/310712